000
00333nam a2200121Ia 4500
008
170224s9999 xx 000 0 und d
245
_a
Individual differences in fundamental social motives.
260
_b
Journal of Personality and Social Psychology
260
_c
2016
300
_a
110:6
500
_a
June
650
_x
Psychology.
999
_c
316531
_d
316531